Responses for Show #888 - Wednesday, June 15, 1988

Stephen Lebowitz game 4.

Contestants

[<< previous game]

Jimmie Bucci, a temporary service manager originally from North Tarrytown, New York

Wayne Owens, a performer from Kansas City, Missouri

Stephen Lebowitz, a physician from Los Angeles, California (whose 3-day cash winnings total $50,800)

[next game >>]

Jeopardy! Round responses

EARTH SCIENCE
BASEBALL
'60s SONGS
VETERINARY MEDICINE
TRAVEL TIPS
FROM THE FRENCH
    $100 2
The Association

Stephen
    $100 1
(Wayne: What are cattle?)
[Jimmie says both options.]

mice or rats

WayneJimmie
    $100 7
(Wayne: What is a group rate?)
(Stephen: What is convention rate?)

a corporate rate

StephenWayneJimmie
    $200 23
tar

Stephen
    $200 3
Wild Thing

Wayne
    $200 16
the hips

Stephen
    $200 8
(anopheles) mosquitoes

Wayne
    $200 14
a chaperone

Triple Stumper
    $300 22
surf

Triple Stumper
    $300 4
(Jimmie: What is "Mrs. Brown You've Got A Lovely Daughter"?)
(Wayne: What is "Henry VIII"?)
(Alex: [*], you got it.)

"I'm Henry VIII, I Am"

WayneJimmie
    $300 17
parrots

Stephen
    $300 9
(Stephen: What are burglars?)

deer (any kind of animals)

StephenWayne
    $300 12
a gourmand

Stephen
    $1,000 20
(Wayne: What is sodium?)
...
(Alex: We've got a minute to go.)

(1 of) silicon or oxygen

Wayne
    $400 25
(Stephen: Who is Mike Schmidt?)
...
[The end-of-round signal sounds.]

the pitching machine

Stephen
Triple Stumper
    $400 5
"I Think We're Alone Now"

Wayne
    $400 18
(Alex: Like rabies for instance.)

animals to people

Wayne
    $400 10
(Stephen: What is Newark Airport?)

LaGuardia

StephenJimmie
    $400 13
a bĂȘte noire

Stephen
    $500 21
the continents

Stephen
    $500 24
Lou Boudreau

Triple Stumper
    $500 6
"Everybody's Somebody's Fool"

Jimmie
    $500 19
the men who shoed horses

Triple Stumper
    $500 11
India

Triple Stumper
    $500 15
biscuits

Triple Stumper

Scores at the first commercial break (after clue 11):

Stephen Wayne Jimmie
-$700 $1,200 $800

Scores at the end of the Jeopardy! Round:

Stephen Wayne Jimmie
$800 $600 $800

Double Jeopardy! Round responses

U.S. HISTORY
ANTONYMS
AUTHOR'S LAST NAMES
BRIDGES
WORLD RULES
EARLY EMMYS
    $200 3
(Wayne: What is Arizona?)
(Jimmie: What is Alaska?)

Hawaii

StephenWayneJimmie
    $200 19
optional

Wayne
    $200 10
Thoreau

Jimmie
    $200 6
Florida

Stephen
    $200 1
(Alex: "Doggone--[*]. Okay, so much for the writing credits on this program.)
[Laughter]

Lassie

Triple Stumper
    $400 4
Sherman

Jimmie
    $400 20
the back

Jimmie
    $400 11
D.H. Lawrence

Jimmie
    $400 5
Isabella

Stephen
    $400 2
Bishop Fulton Sheen

Stephen
    $2,000 21
(Alex: Jimmie?)
(Jimmie: What is "You're As [*]"?)
...
(Alex: We've got less than a minute.)

"Cold As Ice"

Jimmie
    $600 12
(Ring) Lardner

Stephen
    $1,500 7
Queen Elizabeth II

Stephen
    $600 16
(Best) Commercial

Wayne
    $800 23
(Stephen: What are the, uh, steel workers?)
(Alex: United Steel--Mi--no.)
...
(Alex: I almost gave it away, there.)
...
[The end-of-round signal sounds.]

the United Mine Workers

Stephen
Triple Stumper
    $800 22
(Stephen: What is full and fully?)

full & fill

StephenJimmie
    $800 13
(Dylan) Thomas

Stephen
    $800 8
Orange

Stephen
    $800 15
(Jimmie: What is Alcoa?)

U.S. Steel

Jimmie
Triple Stumper
    $1000 18
dorsal

Stephen
    $1000 14
(Jimmie: My French is a little lacking.)
(Alex: That's all right; that's close enough.)

Guy de Maupassant

Jimmie
    $1000 9
Brunei

Stephen
    $1000 17
Requiem for a Heavyweight

Jimmie

Scores at the end of the Double Jeopardy! Round:

Stephen Wayne Jimmie
$6,100 $1,200 $6,000

[wagering suggestions for these scores]

Final Jeopardy! Round responses

THE BIBLE
(Alex: [To Stephen] I suppose it was a toss up between David and [*]...)
...
(Alex: We've got a tie, folks, with $100--two champions with Jimmie and Stephen; I don't know why you bothered showing up for just a hundred bucks.)
WayneWho is Jesus Christ?
$1,199
JimmieWho is Matthew
$5,900
StephenWho is David?
$6,000
Solomon

Final scores:

Stephen Wayne Jimmie
$100 $1 $100
4-day co-champion: $50,900 2nd place: Little Lake outdoor table & chairs + Helix double cassette recorder New co-champion: $100

Game dynamics:

Coryat scores:

Stephen Wayne Jimmie
$5,200 $2,200 $4,600
17 R
(including 1 DD),
6 W
8 R,
4 W
(including 1 DD)
12 R
(including 1 DD),
3 W

Combined Coryat: $12,000

[game clues] [game scores] [suggest correction]

Game tape date: 1988-03-14
The J! Archive is created by fans, for fans. Scraping, republication, monetization, and malicious use prohibited; this site may use cookies and collect identifying information. See terms. The Jeopardy! game show and all elements thereof, including but not limited to copyright and trademark thereto, are the property of Jeopardy Productions, Inc. and are protected under law. This website is not affiliated with, sponsored by, or operated by Jeopardy Productions, Inc. Join the discussion at JBoard.tv.